000
00326 a2200157 4500
001
169599
020
_a
040
_c
Magnum
100
_a
Trecker, Harleigh B.
240
1
0
_a
Como trabalhar com grupos
_l
por
245
1
0
_a
Como trabalhar com grupos
362
0
_a
1899
440
1
_a
Agir
697
_a
GERAL
942
_c
BK
999
_c
169599
_d
169599